Komunikasi politik Nahdlatul Ulama pergulatan pemikiran politik radikal dan akomodatif
Saved in:
| Main Author: | |
|---|---|
| Format: | Book |
| Language: | Indonesian |
| Published: |
Jakarta, Indonesia
LP3ES
2004
|
| Subjects: | |
| Tags: |
Add Tag
No Tags, Be the first to tag this record!
|
| Call Number : | JQ 779.A558 M85 2004 |
MARC
| LEADER | 00000nam a2200000 4500 | ||
|---|---|---|---|
| 001 | 45954 | ||
| 003 | MY-KLNDU | ||
| 005 | 20241219004748.0 | ||
| 008 | 120228 2004 io bi 00 ind | ||
| 020 | |a 9799793330234 | ||
| 020 | |a 9793330236 | ||
| 039 | 9 | |a 201206041019 |b azraai |y 201202281951 |z rahman | |
| 040 | |a UPNM | ||
| 090 | |a JQ 779.A558 |b M85 2004 | ||
| 100 | 1 | |a Muhtadi, Asep Saeful | |
| 245 | 1 | 0 | |a Komunikasi politik Nahdlatul Ulama |b pergulatan pemikiran politik radikal dan akomodatif |c Asep Saeful Muhtadi |
| 260 | |a Jakarta, Indonesia |b LP3ES |c 2004 | ||
| 300 | |a xxxiv, 296 p. |c 23 cm. | ||
| 504 | |a Includes bibliographical references and index | ||
| 592 | |a 00003299 |b 30/5/12 |c RM68.00 |h PDW | ||
| 610 | 2 | 0 | |a N.U. (Organization) |
| 610 | 2 | 0 | |a Nahdlatul Ulama |
| 650 | 0 | |a Islam and politics |z Indonesia | |
| 650 | 0 | |a Political parties |z Indonesia | |
| 651 | 0 | |a Indonesia |x politics and government | |
| 999 | |a vtls000046545 |c 45954 |d 45954 | ||


